<?xml version="1.0" encoding="UTF-8"?>
<record
    xmlns:xsi="http://www.w3.org/2001/XMLSchema-instance"
    xsi:schemaLocation="http://www.loc.gov/MARC21/slim http://www.loc.gov/standards/marcxml/schema/MARC21slim.xsd"
    xmlns="http://www.loc.gov/MARC21/slim">

  <leader>01070nam a22002417a 4500</leader>
  <controlfield tag="001">BRCA_9414</controlfield>
  <controlfield tag="003">FranzMayer</controlfield>
  <controlfield tag="005">20230918130010.0</controlfield>
  <controlfield tag="008">230904b        |||||||| |||| 00| 0 eng d</controlfield>
  <datafield tag="020" ind1=" " ind2=" ">
    <subfield code="a">9686495029</subfield>
  </datafield>
  <datafield tag="040" ind1=" " ind2=" ">
    <subfield code="a">MFM</subfield>
    <subfield code="b">ESPA&#xD1;OL</subfield>
    <subfield code="c">MFM</subfield>
  </datafield>
  <datafield tag="050" ind1=" " ind2="0">
    <subfield code="a">AY439</subfield>
    <subfield code="b">I57 1993</subfield>
  </datafield>
  <datafield tag="110" ind1="1" ind2=" ">
    <subfield code="4">Responsable</subfield>
    <subfield code="a">Instituto de Investigaciones Interculturales Germano-Mexicanas</subfield>
    <subfield code="9">29622</subfield>
  </datafield>
  <datafield tag="240" ind1=" " ind2=" ">
    <subfield code="a">Anuario del Instituto de Investigaciones Interculturales Germano-Mexicanas</subfield>
    <subfield code="h">Volumen III 1992-1993 N&#xFA;mero 5 y 6</subfield>
    <subfield code="l">Espa&#xF1;ol/Ingl&#xE9;s/Alem&#xE1;n</subfield>
  </datafield>
  <datafield tag="245" ind1="0" ind2=" ">
    <subfield code="a">Anuario del Instituto de Investigaciones Interculturales Germano-Mexicanas</subfield>
    <subfield code="b">Volumen III 1992-1993 N&#xFA;mero 5 y 6</subfield>
  </datafield>
  <datafield tag="260" ind1=" " ind2=" ">
    <subfield code="a">M&#xE9;xico</subfield>
    <subfield code="b">Instituto de Investigaciones Interculturales Germano-Mexicanas</subfield>
    <subfield code="c">1993</subfield>
  </datafield>
  <datafield tag="300" ind1=" " ind2=" ">
    <subfield code="a">137 p</subfield>
    <subfield code="b">Ilustraciones</subfield>
    <subfield code="c">27 cm</subfield>
  </datafield>
  <datafield tag="500" ind1=" " ind2=" ">
    <subfield code="a">Anexo 1</subfield>
  </datafield>
  <datafield tag="505" ind1=" " ind2=" ">
    <subfield code="a">Texto en: espa&#xF1;ol/Ingl&#xE9;s/Alem&#xE1;nIncluye &#xED;ndice tem&#xE1;tico</subfield>
  </datafield>
  <datafield tag="650" ind1="1" ind2=" ">
    <subfield code="2">Anuarios</subfield>
    <subfield code="a">1993</subfield>
    <subfield code="v">M&#xE9;xico</subfield>
    <subfield code="9">29623</subfield>
  </datafield>
  <datafield tag="651" ind1="2" ind2=" ">
    <subfield code="2">Anuarios 1993</subfield>
    <subfield code="a">Instituto de Investigaciones Interculturales Germano-Mexicanas</subfield>
    <subfield code="9">29624</subfield>
  </datafield>
  <datafield tag="942" ind1=" " ind2=" ">
    <subfield code="2">lcc</subfield>
    <subfield code="c">H</subfield>
  </datafield>
  <datafield tag="999" ind1=" " ind2=" ">
    <subfield code="c">11036</subfield>
    <subfield code="d">11036</subfield>
  </datafield>
  <datafield tag="952" ind1=" " ind2=" ">
    <subfield code="0">0</subfield>
    <subfield code="1">0</subfield>
    <subfield code="2">lcc</subfield>
    <subfield code="4">0</subfield>
    <subfield code="7">0</subfield>
    <subfield code="8">FCON</subfield>
    <subfield code="a">BRCA</subfield>
    <subfield code="b">BRCA</subfield>
    <subfield code="d">2023-09-04</subfield>
    <subfield code="l">0</subfield>
    <subfield code="o">AY439 I57 1993</subfield>
    <subfield code="p">CONT10187</subfield>
    <subfield code="r">2023-09-04 00:00:00</subfield>
    <subfield code="w">2023-09-04</subfield>
    <subfield code="y">H</subfield>
  </datafield>
</record>
